000 00335nam a2200133 a 4500
005 20140414131904.0
008 100902s19uu xx 00 eng d
050 _aFIC
_bM15 2007
100 _aMcElroy, Laurie
245 _aFace the music.
260 _aNew York :
_bDisney Press,
_c2007.
440 _aHannah Montana
999 _c110819
_d110819